书目信息 |
| 题名: |
孤独是夜空中最亮的星
|
|
| 作者: | 尼采 著 ;钱春绮 译 | |
| 分册: | ||
| 出版信息: | 北京 西苑出版社 2021.08 |
|
| 页数: | 267页 | |
| 开本: | 21cm | |
| 丛书名: | ||
| 单 册: | ||
| 中图分类: | I516.24 , I516.64 | |
| 科图分类: | ||
| 主题词: | 诗集--shi ji--德国--近代 , 散文集--san wen ji--德国--近代 | |
| 电子资源: | ||
| ISBN: | 978-7-5151-0766-0 | |
| 000 | 01412nam0 2200301 450 | |
| 001 | CAL 0120217222219 | |
| 005 | 20230217093112.0 | |
| 010 | @a978-7-5151-0766-0@dCNY48.00 | |
| 100 | @a20210809d2021 em y0chiy0120 ea | |
| 101 | 1 | @achi@cger |
| 102 | @aCN@b110000 | |
| 105 | @ay z 000zy | |
| 106 | @ar | |
| 200 | 1 | @a孤独是夜空中最亮的星@Agu du shi ye kong zhong zui liang de xing@f(德) 费里德里希·威廉·尼采著@d= When solitude lights up the night sky@fFriedrich Wilhelm Nietzsche@g钱春绮译@zeng |
| 210 | @a北京@c西苑出版社@d2021.08 | |
| 215 | @a267页@d21cm | |
| 300 | @a思踪者 | |
| 314 | @a费里德里希·威廉·尼采, 德国哲学家、诗人。 | |
| 330 | @a本书从尼采最具代表性的几部著作中选取相对关键的文章, 编辑整理成书。《悲剧的诞生》选译的篇章集中展现了尼采的美学思想, 向我们展现了尼采如何以酒神精神和日神精神分析悲剧的产生。还选取了《查拉图斯特拉如是说》第一部, 这一部分凸显了尼采的“超人”思想。《善恶的彼岸》是尼采的短篇集, 该书从中选取最具代表性的段落, 有助于读者一窥尼采的伦理学观点。此外, 该书还选译了尼采的诗歌。 | |
| 510 | 1 | @aWhen solitude lights up the night sky@zeng |
| 606 | 0 | @a诗集@Ashi ji@y德国@z近代 |
| 606 | 0 | @a散文集@Asan wen ji@y德国@z近代 |
| 690 | @aI516.24@v5 | |
| 690 | @aI516.64@v5 | |
| 701 | 1 | @a尼采@Ani cai@g(Nietzsche, Friedrich Wilhelm),@f1844-1900@4著 |
| 702 | 0 | @a钱春绮@Aqian chun qi@4译 |
| 801 | 0 | @aCN@bBJXHZP@c20230228 |
| 905 | @b1384154-7@dI516.24@e522@f4 | |
| 孤独是夜空中最亮的星/(德) 费里德里希·威廉·尼采著= When solitude lights up the night sky/Friedrich Wilhelm Nietzsche/钱春绮译.-北京:西苑出版社,2021.08 |
| 267页;21cm |
| 思踪者 |
| ISBN 978-7-5151-0766-0:CNY48.00 |
| 本书从尼采最具代表性的几部著作中选取相对关键的文章, 编辑整理成书。《悲剧的诞生》选译的篇章集中展现了尼采的美学思想, 向我们展现了尼采如何以酒神精神和日神精神分析悲剧的产生。还选取了《查拉图斯特拉如是说》第一部, 这一部分凸显了尼采的“超人”思想。《善恶的彼岸》是尼采的短篇集, 该书从中选取最具代表性的段落, 有助于读者一窥尼采的伦理学观点。此外, 该书还选译了尼采的诗歌。 |
| ● |
| 相关链接 |
|
|
|
|
正题名:孤独是夜空中最亮的星
索取号:I516.24/522
 
预约/预借
| 序号 | 登录号 | 条形码 | 馆藏地/架位号 | 状态 | 备注 |
| 1 | 1384154 | 213841547 | 第一样本阅览室/ [索取号:I516.24/522] | 在馆 | |
| 2 | 1384155 | 213841556 | 第二借阅区/ [索取号:I516.24/522] | 在馆 | |
| 3 | 1384156 | 213841565 | 第二借阅区/ [索取号:I516.24/522] | 在馆 | |
| 4 | 1384157 | 213841574 | 第二借阅区/ [索取号:I516.24/522] | 在馆 |